000 00398nam a22001697a 4500
005 20160627142724.0
008 160627b xxu||||| |||| 00| 0 eng d
020 _a978-1-59869-660-8
041 _aeng
082 _b10636
100 _aSell Colleen
_92934
245 _aAcup of Comfort for Inspiration
260 _bViva Books
_c2009
300 _a321
650 _aManagement
_9241
942 _cBK
999 _c4247
_d4246